000 00418nam a2200133Ia 4500
008 100328s9999 xx 000 0 und d
082 _b60235
100 _aगुप्ते गीता.
245 _aमुक्काम शांघाय.
260 _bगं्रथाली.
630 _aमुक्काम शांघाय.
730 _aमुक्काम शांघाय.
942 _cBOOK
999 _c546397
_d546394